|
|
|
|
| LEADER |
01504nam a2200409 i 4500 |
| 001 |
001654644 |
| 003 |
CZ BrMZK |
| 005 |
20190311100807.0 |
| 007 |
ta |
| 008 |
181105t20172017sz a f 001 0 eng |
| 020 |
|
|
|a 978-3-319-53921-8
|q (vázáno)
|
| 040 |
|
|
|a BOA001
|b cze
|e rda
|
| 072 |
|
7 |
|a 544
|x Fyzikální chemie
|2 Konspekt
|9 10
|
| 080 |
|
|
|a 544.112:531.3
|2 MRF
|
| 080 |
|
|
|a 530.145.6
|2 MRF
|
| 080 |
|
|
|a (048.8:082)
|2 MRF
|
| 100 |
1 |
|
|a Gatti, Fabien
|7 mzk20191027973
|4 aut
|
| 245 |
1 |
0 |
|a Applications of quantum dynamics in chemistry /
|c Fabien Gatti, Benjamin Lasorne, Hans-Dieter Meyer, André Nauts
|
| 264 |
|
1 |
|a Cham :
|b Springer,
|c [2017]
|
| 264 |
|
4 |
|c ©2017
|
| 300 |
|
|
|a xiv, 429 stran :
|b ilustrace ;
|c 25 cm
|
| 336 |
|
|
|a text
|b txt
|2 rdacontent
|
| 337 |
|
|
|a bez média
|b n
|2 rdamedia
|
| 338 |
|
|
|a svazek
|b nc
|2 rdacarrier
|
| 490 |
1 |
|
|a Lecture notes in chemistry ;
|v 98
|
| 504 |
|
|
|a Obsahuje bibliografické odkazy a rejstřík
|
| 650 |
0 |
7 |
|a molekulární dynamika
|7 ph202577
|2 czenas
|
| 650 |
0 |
7 |
|a kvantová mechanika
|7 ph115047
|2 czenas
|
| 655 |
|
7 |
|a kolektivní monografie
|7 fd501537
|2 czenas
|
| 700 |
1 |
|
|a Lasorne, Benjamin,
|d 1978-
|7 mzk20191027980
|4 aut
|
| 700 |
1 |
|
|a Meyer, Hans-Dieter,
|d 1947-
|7 mzk20191027987
|4 aut
|
| 700 |
1 |
|
|a Nauts, André
|7 mzk20191028000
|4 aut
|
| 830 |
|
0 |
|a Lecture notes in chemistry
|
| 910 |
|
|
|a BOA001
|b 2-1417.389
|
| 990 |
|
|
|a BK
|
| 991 |
|
|
|b 201903
|c NOV
|
| 996 |
6 |
|
|b 2610755266
|c 2-1417.389
|l MZK
|r STM 6p
|n 0
|p kupz
|h 544 GAT
|w 001697082
|u 000010
|a 0
|e BOA001
|j MZK50
|s P
|